000 01183nas a2200385 4500
001 BR2014003024
003 BR-BrBNA
005 20231205124015.0
007 ta
008 230509b bl.|||p| |||| 00| 00por d
040 _aBR-BrBNA
_bpor
_cBiblioteca Nacional de Agricultura
041 _a(Pt)
072 _aL72
100 1 _aPerinotto, W.M. de S.
100 1 _aAngelo, I. da C.
100 1 _aGôlo, P.S.
100 1 _aCamargo, M.G.
100 1 _aSá, F.A. de
100 1 _aMonteiro, C.M. de O.
100 1 _aRodrigues, C.J.B.C.
100 1 _aQuineleto, S.
100 1 _aPaulo, J.F. de
100 1 _aBittencourt, V.R.E.P.
245 1 _aEfici~encia in vitro de uma formulação comercial de Beauveria bassina no controle de Dermacentor nitens
650 _aEQUINO
650 _aBEAUVERIA BASSIANA
650 _aFUNGO
650 _aCARRAPATO
650 _aCONTROLE BIOLÓGICO
650 _aTRANSMISSÃO DE DOENÇA
650 _aCRIAÇÃO MASSAL
773 0 _tRevista Brasileira de Medicina Veterinária (Brazil)
_xISSN 0100-2430
_g(Dec 2012), v. 34(supl. 1) p. 83-88
_wBR2014003024
909 _a202311
_bLúcia
_c55
_dLúcia Elande
942 _2AGRIS
_n0
_cANA
999 _c236870
_d236870